000 00507nam a2200169Ia 4500
003 GCL
008 140319s9999 xx 000 0 ara d
040 _aGCL /
_cGCL
082 0 4 _a415.1
_bع ف
100 1 _aعصام نورالدين
245 1 0 _aالفعل والزمن /
_cعصام نورالدين
300 _a128 ص
490 _aالهيئة العامة للاستعلامات
_v0
650 0 4 _aالنحو - الافعال
650 0 4 _aاللغة العربية - النحو
942 _2ddc
_cBK
999 _c47372
_d47372